Embedded Optimal Estimation for Fast Mechatronic Systems
Saved in:
| Main Author: | |
|---|---|
| Other Authors: | |
| Format: | Manuscript Book |
| Language: | Slovak English |
| Published: |
2017
|
| Subjects: | |
| Online Access: | http://is.stuba.sk/zp/portal_zp.pl?podrobnosti=133355 |
| Tags: |
No Tags, Be the first to tag this record!
|
MARC
| LEADER | 00000ntm a22000003a 4500 | ||
|---|---|---|---|
| 001 | stuzp60531 | ||
| 003 | SK-STU | ||
| 005 | 20170722210228.1 | ||
| 007 | ta | ||
| 008 | 150427s2015----xo-----f-mn---000-0-slo-d | ||
| 040 | |a STU |b slo | ||
| 041 | 0 | |a eng | |
| 100 | 1 | |a Abdollahpouri, Mohammad |u 020020 |k Z2 |4 aut |U SjF Strojnícka fakulta |T SjF Ústav automatizácie, merania a aplikovanej informatiky |X 75922 |U J0020 |Y 802 |7 75922 | |
| 242 | 0 | 1 | |a Optimálny odhad rýchych mechatronických systémov na vnorených platformách |y slo |
| 245 | 1 | 0 | |a Embedded Optimal Estimation for Fast Mechatronic Systems |
| 260 | |c 2017 | ||
| 650 | 4 | |a implementácia v reálnom čase |2 slo | |
| 650 | 4 | |a nelineárny odhad |2 slo | |
| 650 | 4 | |a vnorená optimalizácia |2 slo | |
| 650 | 4 | |a adaptívne riadenie |2 slo | |
| 650 | 4 | |a nekonvexný optimalizačný problém |2 slo | |
| 650 | 4 | |a nonlinear estimation |2 eng | |
| 650 | 4 | |a embedded optimization |2 eng | |
| 650 | 4 | |a adaptive control |2 eng | |
| 650 | 4 | |a non-convex optimization problem |2 eng | |
| 650 | 4 | |a real-time implementation |2 eng | |
| 700 | 1 | |a Rohaľ-Ilkiv, Boris |u 020020 |k Z1 |4 ths |U SjF Strojnícka fakulta |T SjF Ústav automatizácie, merania a aplikovanej informatiky |X 2463 |U J0020 |Y 802 |7 A000002463 | |
| 856 | 4 | |u http://is.stuba.sk/zp/portal_zp.pl?podrobnosti=133355 | |
| 996 | |b 284J045410 |c J* 118359 |l JJST |s P |a 0 |w stuzp60531_0001 | ||